Vývojové inženýrství Toyoty
Porovnanie rozdielneho prístupu japonských a amerických alebo európskych automobiliek k vývoju a výrobe prototypu nového modelu. Zvláštnosti vývojových tímov japonskej Toyoty. Vývojové inžinierstvo v Japonsku a v západných krajinách.
Enregistré dans:
| Format: | Chapitre de livre |
|---|---|
| Langue: | tchèque |
| Sujets: | |
| Tags: |
Pas de tags, Soyez le premier à ajouter un tag!
|
MARC
| LEADER | 00000naa a2200000 4500 | ||
|---|---|---|---|
| 001 | r022065 | ||
| 005 | 20230922083928.5 | ||
| 041 | 0 | |a cze | |
| 044 | |a CZ | ||
| 245 | 1 | 0 | |a Vývojové inženýrství Toyoty |
| 520 | |a Porovnanie rozdielneho prístupu japonských a amerických alebo európskych automobiliek k vývoju a výrobe prototypu nového modelu. Zvláštnosti vývojových tímov japonskej Toyoty. Vývojové inžinierstvo v Japonsku a v západných krajinách. | ||
| 610 | 2 | 0 | |a Japonsko |
| 610 | 2 | 0 | |a Toyota |
| 610 | 2 | 0 | |a vývoj |
| 610 | 2 | 0 | |a inžinieri |
| 610 | 2 | 0 | |a inžinierstvo priemyselné |
| 610 | 2 | 0 | |a prototypy výrobkov |
| 610 | 2 | 0 | |a práca vývojová |
| 610 | 2 | 0 | |a faktor času |
| 610 | 2 | 0 | |a priemysel automobilový |
| 610 | 2 | 0 | |a informácie |
| 610 | 2 | 0 | |a komunikácia |